000 00546nam a22001937a 4500
005 20260604155157.0
008 260604b |||||||| |||| 00| 0 eng d
020 _a9789380016511
_c650.00
040 _aMAIN
041 _aEnglish
082 _a650.0212
_bSHA
100 _aSharma, Manish
_927024
245 _aPractice of Business Statistics
_b: Using Statistics For Decisions Making
260 _aNew Delhi
_bKhanna Book
_c2026
300 _a809
650 _aManagement (PM USHA)
_927020
700 _aGupta, Amit
_927025
942 _cBK
999 _c61023
_d61023